5HLuxD.jpg

KING HENRY VIII SENIOR AND PRIMARY SCHOOL LIBRARY OPAC

Atkins' molecules / (Record no. 334)

000 -LEADER
fixed length control field 01343cam a2200325 a 4500
001 - CONTROL NUMBER
control field 13147942
003 - CONTROL NUMBER IDENTIFIER
control field OSt
005 - DATE AND TIME OF LATEST TRANSACTION
control field 20190806141141.0
008 - FIXED-LENGTH DATA ELEMENTS--GENERAL INFORMATION
fixed length control field 030404s2003 enka 001 0 eng
010 ## - LIBRARY OF CONGRESS CONTROL NUMBER
LC control number 2003048571
020 ## - INTERNATIONAL STANDARD BOOK NUMBER
International Standard Book Number 9780521535366
040 ## - CATALOGING SOURCE
Original cataloging agency DLC
Transcribing agency DLC
Modifying agency DLC
082 00 - DEWEY DECIMAL CLASSIFICATION NUMBER
Classification number 547.122 ATK
Edition number 21
100 1# - MAIN ENTRY--PERSONAL NAME
Personal name Atkins, P. W.
Fuller form of name (Peter William),
Dates associated with a name 1940-
Relator term author
245 10 - TITLE STATEMENT
Title Atkins' molecules /
Statement of responsibility, etc. Peter Atkins.
250 ## - EDITION STATEMENT
Edition statement 2nd ed.
260 ## - PUBLICATION, DISTRIBUTION, ETC.
Place of publication, distribution, etc. Cambridge, U.K. ;
-- New York :
Name of publisher, distributor, etc. Cambridge University Press,
Date of publication, distribution, etc. 2003.
300 ## - PHYSICAL DESCRIPTION
Extent viii, 235 p. :
Other physical details ill. (some col.) ;
Dimensions 26 cm.
500 ## - GENERAL NOTE
General note Rev. ed. of: Molecules. 1987.
500 ## - GENERAL NOTE
General note Includes index.
650 #0 - SUBJECT ADDED ENTRY--TOPICAL TERM
Topical term or geographic name entry element Molecular structure.
650 #0 - SUBJECT ADDED ENTRY--TOPICAL TERM
Topical term or geographic name entry element Molecules.
700 1# - ADDED ENTRY--PERSONAL NAME
Personal name Atkins, P. W.
Fuller form of name (Peter William),
Dates associated with a name 1940-
Title of a work Molecules.
856 42 - ELECTRONIC LOCATION AND ACCESS
Materials specified Publisher description
Uniform Resource Identifier <a href="http://www.loc.gov/catdir/description/cam032/2003048571.html">http://www.loc.gov/catdir/description/cam032/2003048571.html</a>
856 41 - ELECTRONIC LOCATION AND ACCESS
Materials specified Table of contents
Uniform Resource Identifier <a href="http://www.loc.gov/catdir/toc/cam032/2003048571.html">http://www.loc.gov/catdir/toc/cam032/2003048571.html</a>
856 42 - ELECTRONIC LOCATION AND ACCESS
Materials specified Contributor biographical information
Uniform Resource Identifier <a href="http://www.loc.gov/catdir/enhancements/fy0732/2003048571-b.html">http://www.loc.gov/catdir/enhancements/fy0732/2003048571-b.html</a>
906 ## - LOCAL DATA ELEMENT F, LDF (RLIN)
a 7
b cbc
c orignew
d 1
e ocip
f 20
g y-gencatlg
942 ## - ADDED ENTRY ELEMENTS (KOHA)
Source of classification or shelving scheme
Koha item type Books - Non Ficton
Holdings
Withdrawn status Lost status Source of classification or shelving scheme Damaged status Not for loan Collection code Permanent Location Current Location Shelving location Date acquired Full call number Barcode Date last seen Price effective from Koha item type
          Non-Fiction KH8 Senior School Library KH8 Senior School Library Non Fiction 2019-08-06 547.122 ATK 3KHSL000100026 2019-08-06 2019-08-06 Books - Non Ficton

Powered By KH8 IT Dept